| 000 | 00648nam a22001337a 4500 | ||
|---|---|---|---|
| 040 | _cRUA | ||
| 082 | _aAGR NUT 2015 B538 Or. | ||
| 100 | _aNUT VORLEAK; នុត វល័ក្ខ | ||
| 245 | _aEffectiveness of compost tea on celery cabbage at Royal university of Agriculture; ប្រសិទ្ធភាពនៃការប្រើប្រាស់កំប៉ុស្ត៍តែលើដំណាំស្ពៃចង្កឹះនៅសាកលវិទ្យាល័យភូមិន្ទកសិកម្ម | ||
| 260 |
_aPhnom Penh _bRUA _c2015 |
||
| 300 |
_axiii; 53p; _bill; _c29cm; |
||
| 856 | _u NUT VORLEAK | ||
| 942 | _cAGR | ||
| 999 |
_c10946 _d10946 |
||